Využitie panelu domácností pri identifikácii nákupných preferencií spotrebiteľov

Na minha lista:
Detalhes bibliográficos
Autor principal: Klepochová, Dagmar, 1968-
Formato: Capítulo de Livro
Idioma:eslovaco
Tags: Adicionar Tag
Sem tags, seja o primeiro a adicionar uma tag!

MARC

LEADER 00000naa$a2200000$$$4500
001 0064759
005 20240502071748.6
041 0 |a slo 
044 |a SK 
245 1 0 |a Využitie panelu domácností pri identifikácii nákupných preferencií spotrebiteľov  |c Dagmar Klepochová 
100 1 |a Klepochová, Dagmar, 1968-